[Event "LSS SA-2023-0-00816"]
[Site "LSS email"]
[Date "2023.01.24"]
[Round "?"]
[White "Knoeppel, Bjoern"]
[Black "Oliger, Mark"]
[Result "1/2-1/2"]
[WhiteElo "2076"]
[BlackElo "2177"]
[PlyCount "99"]
[EventDate "2022.12.02"]
[EventType "tourn (corr)"]
[EventRounds "6"]
[EventCountry "GER"]
[SourceTitle "Corr 2024"]
[Source "ChessBase"]
[SourceDate "2023.10.19"]
[SourceVersion "1"]
[SourceVersionDate "2023.10.19"]
[SourceQuality "1"]

1. d4 d5 2. Nc3 Nf6 3. Bf4 c5 4. e4 Nxe4 5. Nxe4 dxe4 6. dxc5 Qa5+ 7. c3 Qxc5 8. Qa4+ Nc6 9. Qxe4 g6 10. Nf3 Bg7 11. Qe3 Qxe3+ 12. Bxe3 Be6 13. Ng5 Bf5 14. 0-0-0 h6 15. Nf3 Be6 16. a3 Bb3 17. Rd2 0-0 18. Rd7 Rfd8 19. Rxd8+ Rxd8 20. Nd2 Bd5 21. f3 f5 22. a4 g5 23. Bc4 Kf7 24. Kc2 b6 25. Bxd5+ Rxd5 26. h3 Be5 27. Bf2 Bf4 28. Rd1 Re5 29. Re1 Rxe1 30. Bxe1 Ne5 31. Nf1 Ke6 32. Bf2 Ng6 33. b4 Kd7 34. b5 Bc7 35. g3 h5 36. c4 Ne5 37. Nd2 g4 38. hxg4 hxg4 39. f4 Ng6 40. a5 bxa5 41. Bxa7 e5 42. fxe5 Bxe5 43. Bf2 f4 44. gxf4 Bxf4 45. Ne4 Ne5 46. c5 a4 47. Kc3 Kc7 48. Be1 Bh2 49. Bh4 Nc6 50. Bg3+ 1/2-1/2

[Event "LSS SA-2023-0-00816"]
[Site "LSS email"]
[Date "2023.01.23"]
[Round "?"]
[White "Knoeppel, Bjoern"]
[Black "Valovoj, Viktor"]
[Result "1-0"]
[WhiteElo "2076"]
[BlackElo "2052"]
[PlyCount "49"]
[EventDate "2022.12.02"]
[EventType "tourn (corr)"]
[EventRounds "6"]
[EventCountry "GER"]
[SourceTitle "Corr 2024"]
[Source "ChessBase"]
[SourceDate "2023.10.19"]
[SourceVersion "1"]
[SourceVersionDate "2023.10.19"]
[SourceQuality "1"]

1. e4 b6 2. d4 Bb7 3. Bd3 e6 4. Nf3 d6 5. 0-0 Nd7 6. Re1 g6 7. Nbd2 Bg7 8. c3 Ne7 9. Nf1 h6 10. Ng3 c5 11. Bf4 Qc7 12. Be3 0-0 13. Qd2 Kh7 14. Rad1 Rad8 15. Qe2 f5 16. Bg5 Nf6 17. exf5 Nxf5 18. Bxf6 Bxf6 19. dxc5 bxc5 20. Qxe6 Bxf3 21. gxf3 Nh4 22. Be4 Be5 23. Re3 Kh8 24. a3 Rde8 25. Qh3 1-0

[Event "SB-2022-0-00636"]
[Site "LSS email"]
[Date "2022.07.10"]
[Round "?"]
[White "Knoeppel, Bjoern"]
[Black "Shchebenyuk, Nina"]
[Result "1/2-1/2"]
[WhiteElo "1972"]
[BlackElo "1830"]
[PlyCount "107"]
[EventDate "2022.03.07"]
[EventType "tourn (corr)"]
[EventRounds "6"]
[EventCountry "GER"]
[SourceTitle "Corr 2024"]
[Source "ChessBase"]
[SourceDate "2023.10.19"]
[SourceVersion "1"]
[SourceVersionDate "2023.10.19"]
[SourceQuality "1"]

1. b3 d5 2. Bb2 Nf6 3. Nf3 Bf5 4. Nh4 Bd7 5. c4 e6 6. Nf3 c5 7. e3 Nc6 8. cxd5 exd5 9. Be2 Bd6 10. 0-0 0-0 11. d4 cxd4 12. Nxd4 Re8 13. Nd2 Nxd4 14. Bxd4 Qe7 15. h3 a6 16. Bd3 Rac8 17. Bb2 Bb8 18. Re1 Qd6 19. Nf1 h6 20. Rc1 Rxc1 21. Qxc1 Ne4 22. Qd1 Qg6 23. f3 Bxh3 24. Qe2 f5 25. fxe4 fxe4 26. Bc2 Rf8 27. Bd1 Rf5 28. Qd2 Bxg2 29. Qxg2 Rg5 30. Re2 Bd6 31. Qxg5 hxg5 32. Rd2 Qe6 33. b4 Kh7 34. Bb3 Qg4+ 35. Rg2 Qf5 36. a3 Kg6 37. Bd1 Be5 38. Bg4 Qf6 39. Bxe5 Qxe5 40. Rf2 Kh6 41. Rd2 b6 42. Bc8 a5 43. bxa5 bxa5 44. Bb7 Qa1 45. Bxd5 Qxa3 46. Rh2+ Kg6 47. Bxe4+ Kf6 48. Rf2+ Ke5 49. Bh7 a4 50. Rf5+ Kd6 51. Rxg5 Qc3 52. Bg8 a3 53. Rg2 Kc6 54. Re2 1/2-1/2

[Event "SB-2022-0-00634"]
[Site "LSS email"]
[Date "2022.04.30"]
[Round "?"]
[White "Obukhov, Gennady"]
[Black "Knoeppel, Bjoern"]
[Result "0-1"]
[WhiteElo "1923"]
[BlackElo "1952"]
[PlyCount "70"]
[EventDate "2022.02.02"]
[EventType "tourn (corr)"]
[EventRounds "6"]
[EventCountry "GER"]
[SourceTitle "Corr 2024"]
[Source "ChessBase"]
[SourceDate "2023.10.19"]
[SourceVersion "1"]
[SourceVersionDate "2023.10.19"]
[SourceQuality "1"]

1. d4 Nf6 2. Bg5 d5 3. e3 c5 4. c3 Nc6 5. Nd2 cxd4 6. exd4 h6 7. Bf4 Bf5 8. Ngf3 e6 9. Qb3 Qc8 10. h3 Be7 11. Be2 0-0 12. 0-0 a6 13. a4 Bd8 14. Ne5 Re8 15. Bh2 Bc7 16. f4 Ne4 17. Nxe4 Bxe4 18. Rae1 f5 19. Bh5 Bxe5 20. fxe5 Re7 21. Bf4 b5 22. axb5 Rb7 23. b6 Rab8 24. Qd1 Ne7 25. Bc1 Rxb6 26. Qd2 Kh7 27. Re3 a5 28. Rg3 Qf8 29. h4 a4 30. Qd1 a3 31. bxa3 Rb1 32. Kh2 Ra1 33. Qd2 Rbb1 34. Qf4 Ra2 35. a4 Rc2 0-1

[Event "SB-2022-0-00634"]
[Site "LSS email"]
[Date "2022.04.26"]
[Round "?"]
[White "Laduke, Matt"]
[Black "Knoeppel, Bjoern"]
[Result "1/2-1/2"]
[WhiteElo "1800"]
[BlackElo "1952"]
[PlyCount "80"]
[EventDate "2022.02.02"]
[EventType "tourn (corr)"]
[EventRounds "6"]
[EventCountry "GER"]
[SourceTitle "Corr 2024"]
[Source "ChessBase"]
[SourceDate "2023.10.19"]
[SourceVersion "1"]
[SourceVersionDate "2023.10.19"]
[SourceQuality "1"]

1. e4 c5 2. Nf3 Nc6 3. d4 cxd4 4. Nxd4 e5 5. Nb5 d6 6. c4 Be6 7. N5c3 g6 8. Bd3 a6 9. 0-0 Bh6 10. Na3 Bxc1 11. Rxc1 Nd4 12. Qd2 Ne7 13. Qh6 Ng8 14. Qe3 Nf6 15. h3 Nh5 16. f4 Qh4 17. f5 gxf5 18. exf5 Bd7 19. Nc2 Bc6 20. Nd5 Nxc2 21. Bxc2 Rg8 22. Be4 Rg3 23. Rf3 Qxh3 24. Qf2 Kf8 25. Qd2 Bxd5 26. Bxd5 Nf4 27. Rxg3 Qxg3 28. Bxb7 Re8 29. Re1 Kg7 30. Re3 Qg5 31. Bc6 Rg8 32. b4 Kh8 33. Be4 Rc8 34. Bb7 Rc7 35. Be4 Qh6 36. Rd3 Rxc4 37. Rxd6 Rc1+ 38. Qxc1 Qxd6 39. Qc5 Qd1+ 40. Kh2 Qh5+ 1/2-1/2

[Event "SB-2022-0-00633"]
[Site "LSS email"]
[Date "2022.04.08"]
[Round "?"]
[White "Knoeppel, Bjoern"]
[Black "Cleto Junior, Dirceu"]
[Result "1/2-1/2"]
[WhiteElo "1953"]
[BlackElo "1971"]
[PlyCount "48"]
[EventDate "2022.01.15"]
[EventType "tourn (corr)"]
[EventRounds "6"]
[EventCountry "GER"]
[SourceTitle "Corr 2024"]
[Source "ChessBase"]
[SourceDate "2023.10.19"]
[SourceVersion "1"]
[SourceVersionDate "2023.10.19"]
[SourceQuality "1"]

1. d4 d5 2. Nc3 Nf6 3. Bf4 e6 4. Nb5 Na6 5. e3 Be7 6. Nf3 0-0 7. Be2 c6 8. Nc3 c5 9. 0-0 Bd7 10. Ne5 Rc8 11. a3 Nb8 12. dxc5 Bxc5 13. Nb1 Ba4 14. b3 Be8 15. Nd2 Nc6 16. Nxc6 Bxc6 17. b4 Bd6 18. b5 Be8 19. Bxd6 Qxd6 20. c4 dxc4 21. Bxc4 Bd7 22. Qe2 Rc7 23. h3 Rfc8 24. a4 h6 1/2-1/2

[Event "SB-2022-0-00633"]
[Site "LSS email"]
[Date "2022.03.27"]
[Round "?"]
[White "Krabbenbos, Jan"]
[Black "Knoeppel, Bjoern"]
[Result "0-1"]
[WhiteElo "1930"]
[BlackElo "1953"]
[PlyCount "146"]
[EventDate "2022.01.15"]
[EventType "tourn (corr)"]
[EventRounds "6"]
[EventCountry "GER"]
[SourceTitle "Corr 2024"]
[Source "ChessBase"]
[SourceDate "2023.10.19"]
[SourceVersion "1"]
[SourceVersionDate "2023.10.19"]
[SourceQuality "1"]

1. e4 e5 2. Nf3 Nc6 3. Bb5 a6 4. Ba4 Nf6 5. 0-0 Be7 6. Re1 b5 7. Bb3 0-0 8. c3 d6 9. d4 Bg4 10. d5 Na5 11. Bc2 c6 12. h3 Bc8 13. dxc6 Qc7 14. Nbd2 Qxc6 15. Nf1 Nc4 16. Ng3 Re8 17. a4 Be6 18. Ng5 Bd7 19. b3 Na5 20. Bd2 Qc7 21. axb5 axb5 22. Qe2 h6 23. Nf3 Bf8 24. Rab1 Be6 25. Rb2 Qb7 26. Rbb1 Nc6 27. Ra1 b4 28. c4 Nd7 29. Rxa8 Rxa8 30. Rb1 Nc5 31. Be3 Ra2 32. Qd1 Qd7 33. Ra1 Ra3 34. Rb1 Kh7 35. Qd2 g6 36. Qd1 Qc7 37. Bc1 Ra7 38. Be3 Ra3 39. Bc1 Ra8 40. Be3 Qb7 41. Qd2 Ra2 42. Qd1 Qe7 43. Ra1 Ra3 44. Rb1 Bc8 45. Bc1 Ra2 46. Be3 Bg7 47. Ne2 Bb7 48. Ne1 Bf6 49. Ra1 Rxa1 50. Qxa1 Bg5 51. Bxg5 Qxg5 52. Qd1 Qd8 53. f3 Kg7 54. Qd2 Qb6 55. Kh2 Na5 56. Nc1 Bc8 57. Ned3 Nc6 58. Bd1 Be6 59. Nb2 Qc7 60. Nbd3 Qa5 61. Nf2 Qd8 62. Nfd3 Qa8 63. Nf2 Qb8 64. Nfd3 h5 65. Ne1 Qd8 66. Kh1 Qb8 67. Kh2 Kf8 68. Ned3 Nxd3 69. Nxd3 Qb6 70. Ne1 Na5 71. Kh1 Ke7 72. Kh2 Qc5 73. h4 Nc6 0-1

[Event "SB-2022-0-00632"]
[Site "LSS email"]
[Date "2022.03.01"]
[Round "?"]
[White "Knoeppel, Bjoern"]
[Black "Wittal, Werner"]
[Result "1/2-1/2"]
[WhiteElo "1943"]
[BlackElo "1935"]
[PlyCount "42"]
[EventDate "2022.01.11"]
[EventType "tourn (corr)"]
[EventRounds "6"]
[EventCountry "GER"]
[SourceTitle "Corr 2024"]
[Source "ChessBase"]
[SourceDate "2023.10.19"]
[SourceVersion "1"]
[SourceVersionDate "2023.10.19"]
[SourceQuality "1"]

1. d4 Nf6 2. c4 e6 3. g3 d5 4. Bg2 Be7 5. Nf3 0-0 6. 0-0 dxc4 7. Qc2 a6 8. a4 Bd7 9. Qxc4 Bc6 10. Bg5 a5 11. Bxf6 Bxf6 12. Nc3 Qe7 13. e3 Rd8 14. h4 g6 15. Rfd1 Bd5 16. Nxd5 exd5 17. Qc3 c6 18. Ne1 Na6 19. Nd3 Nb4 20. Nxb4 axb4 21. Qd3 h5 1/2-1/2

[Event "SB-2022-0-00631"]
[Site "LSS email"]
[Date "2022.02.12"]
[Round "?"]
[White "Knoeppel, Bjoern"]
[Black "Zemlyanov, Sergey"]
[Result "1-0"]
[WhiteElo "1924"]
[BlackElo "1768"]
[PlyCount "43"]
[EventDate "2021.12.29"]
[EventType "tourn (corr)"]
[EventRounds "6"]
[EventCountry "GER"]
[SourceTitle "Corr 2024"]
[Source "ChessBase"]
[SourceDate "2023.10.19"]
[SourceVersion "1"]
[SourceVersionDate "2023.10.19"]
[SourceQuality "1"]

1. Nf3 d5 2. e3 Nf6 3. b3 Bf5 4. Bb2 e6 5. Nh4 Bg4 6. Be2 Bxe2 7. Qxe2 Nbd7 8. f4 Bd6 9. 0-0 Qe7 10. c4 c6 11. d3 0-0-0 12. cxd5 Nxd5 13. g3 Rhg8 14. Nd2 Bc7 15. Nhf3 e5 16. fxe5 Nxe5 17. Nxe5 Bxe5 18. Bxe5 Qxe5 19. Nc4 Qe6 20. Qf2 Rd7 21. e4 Nb6 22. a4 1-0

[Event "SB-2022-0-00631"]
[Site "LSS email"]
[Date "2022.02.11"]
[Round "?"]
[White "Knoeppel, Bjoern"]
[Black "D'Emilia, Jack"]
[Result "1/2-1/2"]
[WhiteElo "1924"]
[BlackElo "1915"]
[PlyCount "45"]
[EventDate "2021.12.29"]
[EventType "tourn (corr)"]
[EventRounds "6"]
[EventCountry "GER"]
[SourceTitle "Corr 2024"]
[Source "ChessBase"]
[SourceDate "2023.10.19"]
[SourceVersion "1"]
[SourceVersionDate "2023.10.19"]
[SourceQuality "1"]

1. c4 e5 2. Nc3 Nf6 3. g3 Bb4 4. e4 d6 5. Nge2 Bg4 6. Bg2 Nc6 7. h3 Bxe2 8. Nxe2 a5 9. b3 a4 10. Rb1 axb3 11. axb3 Ne7 12. 0-0 c5 13. Bb2 0-0 14. Nc1 Nc6 15. Nd3 Re8 16. Qe2 Ra6 17. Ra1 Qc7 18. f4 Rea8 19. Rae1 Ra2 20. Rb1 Ba3 21. Bc3 Nd7 22. Rf2 Bb4 23. Bb2 1/2-1/2

[Event "SB-2022-0-00629"]
[Site "LSS email"]
[Date "2022.01.07"]
[Round "?"]
[White "Knoeppel, Bjoern"]
[Black "Baltar, Antoni"]
[Result "1/2-1/2"]
[WhiteElo "1921"]
[BlackElo "1969"]
[PlyCount "64"]
[EventDate "2021.12.01"]
[EventType "tourn (corr)"]
[EventRounds "6"]
[EventCountry "GER"]
[SourceTitle "Corr 2024"]
[Source "ChessBase"]
[SourceDate "2023.10.19"]
[SourceVersion "1"]
[SourceVersionDate "2023.10.19"]
[SourceQuality "1"]

1. Nf3 d5 2. g3 Nf6 3. Bg2 c5 4. 0-0 g6 5. c4 Bg7 6. cxd5 Nxd5 7. d4 cxd4 8. Nxd4 0-0 9. Nc3 Nxc3 10. bxc3 Nc6 11. Be3 Na5 12. Qd3 Rb8 13. c4 Qc7 14. Rac1 a6 15. Rfd1 Rd8 16. Nb5 Rxd3 17. Nxc7 Rxd1+ 18. Rxd1 Bg4 19. f3 Bf5 20. Nd5 Bf8 21. c5 Nc6 22. Bf2 Be6 23. e4 Rd8 24. f4 f5 25. e5 Kf7 26. a3 g5 27. Be3 g4 28. Kf1 Bxd5 29. Rxd5 Rxd5 30. Bxd5+ e6 31. Bg2 h5 32. Ke2 Ke8 1/2-1/2

[Event "SB-2022-0-00629"]
[Site "LSS email"]
[Date "2022.01.07"]
[Round "?"]
[White "Varas, Pablo"]
[Black "Knoeppel, Bjoern"]
[Result "1/2-1/2"]
[WhiteElo "1887"]
[BlackElo "1921"]
[PlyCount "67"]
[EventDate "2021.12.01"]
[EventType "tourn (corr)"]
[EventRounds "6"]
[EventCountry "GER"]
[SourceTitle "Corr 2024"]
[Source "ChessBase"]
[SourceDate "2023.10.19"]
[SourceVersion "1"]
[SourceVersionDate "2023.10.19"]
[SourceQuality "1"]

1. d4 Nf6 2. c4 c5 3. d5 b5 4. cxb5 a6 5. bxa6 g6 6. Nc3 Bg7 7. e4 0-0 8. a7 Rxa7 9. Be2 e6 10. Nf3 exd5 11. exd5 d6 12. 0-0 Na6 13. Nb5 Rd7 14. Nc3 Ra7 15. Bf4 Nc7 16. a4 Ba6 17. Re1 Re8 18. Bxa6 Rxa6 19. Rxe8+ Qxe8 20. Qb3 Qa8 21. Rd1 Nfe8 22. Ra1 Nf6 23. Rd1 Nfe8 24. Bg5 Bxc3 25. bxc3 Rxa4 26. c4 Ra1 27. Qd3 Qa3 28. Qe2 Qb2 29. Kf1 Rxd1+ 30. Qxd1 Nf6 31. Qe1 Kg7 32. Bf4 Nce8 33. g3 Qc2 34. Nd2 1/2-1/2

[Event "SB-2021-0-00625"]
[Site "LSS email"]
[Date "2021.11.25"]
[Round "?"]
[White "Knoeppel, Bjoern"]
[Black "Grillo, Roberto"]
[Result "1-0"]
[WhiteElo "1807"]
[BlackElo "1866"]
[PlyCount "151"]
[EventDate "2021.09.06"]
[EventType "tourn (corr)"]
[EventRounds "6"]
[EventCountry "GER"]
[SourceTitle "Corr 2024"]
[Source "ChessBase"]
[SourceDate "2023.10.19"]
[SourceVersion "1"]
[SourceVersionDate "2023.10.19"]
[SourceQuality "1"]

1. e4 c5 2. Nf3 Nc6 3. Bb5 g6 4. 0-0 Bg7 5. c3 Nf6 6. Re1 0-0 7. d4 d5 8. e5 Ne4 9. Bxc6 bxc6 10. Be3 cxd4 11. cxd4 f6 12. Nbd2 Nxd2 13. Qxd2 Bg4 14. exf6 exf6 15. Bh6 Bxf3 16. Bxg7 Kxg7 17. gxf3 Qd7 18. Kg2 Rfe8 19. Rac1 Rxe1 20. Rxe1 h5 21. Re3 Re8 22. Rc3 h4 23. h3 Qd6 24. Rc2 Re6 25. b4 g5 26. a4 a6 27. Rb2 Qd7 28. Qd3 Qb7 29. Rb1 Re7 30. b5 cxb5 31. axb5 axb5 32. Rxb5 Qc6 33. Rc5 Qe6 34. Qb3 Rd7 35. Rc8 Re7 36. Qb8 Qf7 37. Qb6 Re8 38. Rc7 Re7 39. Rc6 Rb7 40. Qc5 Rd7 41. Qc2 Qg6 42. Qa4 Qf7 43. Ra6 Qe7 44. Qc6 Kg6 45. Qc2+ Kh6 46. Qf5 Rd6 47. Ra8 Kg7 48. Qc8 Kg6 49. Qc5 Qd7 50. Rh8 Kg7 51. Rb8 Kg6 52. Ra8 Qc6 53. Qa3 Kh6 54. Qa7 Rd7 55. Rh8+ Kg6 56. Qa3 Qe6 57. Qd3+ f5 58. Qb5 Kg7 59. Qb8 Kg6 60. Rg8+ Rg7 61. Rd8 Rd7 62. Qc8 Re7 63. Qc5 Rd7 64. Rb8 Kh5 65. Rb6 Qf7 66. Qc6 Qg7 67. Ra6 Qh7 68. Qa8 Qg7 69. Qe8+ Rf7 70. Ra7 Kg6 71. f4 gxf4 72. Qxf7+ Qxf7 73. Rxf7 Kxf7 74. Kf3 Ke7 75. Kxf4 Kf7 76. Kxf5 1-0